Computer and Information Science

This edited book presents scientific results of the 12th IEEE/ACIS International Conference on Computer and Information Science (ICIS 2013) which was held on June 16-20, 2013 in Toki Messe, Niigata, Japan. The aim of this conference was to bring together scientists, engineers, computer users, and st...

Πλήρης περιγραφή

Λεπτομέρειες βιβλιογραφικής εγγραφής
Συγγραφή απο Οργανισμό/Αρχή: SpringerLink (Online service)
Άλλοι συγγραφείς: Lee, Roger (Επιμελητής έκδοσης)
Μορφή: Ηλεκτρονική πηγή Ηλ. βιβλίο
Γλώσσα:English
Έκδοση: Heidelberg : Springer International Publishing : Imprint: Springer, 2013.
Σειρά:Studies in Computational Intelligence, 493
Θέματα:
Διαθέσιμο Online:Full Text via HEAL-Link
LEADER 02711nam a22004575i 4500
001 978-3-319-00804-2
003 DE-He213
005 20151103124001.0
007 cr nn 008mamaa
008 130518s2013 gw | s |||| 0|eng d
020 |a 9783319008042  |9 978-3-319-00804-2 
024 7 |a 10.1007/978-3-319-00804-2  |2 doi 
040 |d GrThAP 
050 4 |a Q342 
072 7 |a UYQ  |2 bicssc 
072 7 |a COM004000  |2 bisacsh 
082 0 4 |a 006.3  |2 23 
245 1 0 |a Computer and Information Science  |h [electronic resource] /  |c edited by Roger Lee. 
264 1 |a Heidelberg :  |b Springer International Publishing :  |b Imprint: Springer,  |c 2013. 
300 |a XIV, 280 p.  |b online resource. 
336 |a text  |b txt  |2 rdacontent 
337 |a computer  |b c  |2 rdamedia 
338 |a online resource  |b cr  |2 rdacarrier 
347 |a text file  |b PDF  |2 rda 
490 1 |a Studies in Computational Intelligence,  |x 1860-949X ;  |v 493 
505 0 |a From the Contents: Drivers’ Behaviour Modelling for Virtual Worlds -- Making Existing Reactive Systems Anticipatory -- Observations on Software Testing and Its Optimization -- Semantic Specialization in Graph-Based Data Model -- Wearable Context Recognition for Distance Learning Systems: A Case Study in Extracting User. 
520 |a This edited book presents scientific results of the 12th IEEE/ACIS International Conference on Computer and Information Science (ICIS 2013) which was held on June 16-20, 2013 in Toki Messe, Niigata, Japan. The aim of this conference was to bring together scientists, engineers, computer users, and students to share their experiences and exchange new ideas, research results about all aspects (theory, applications and tools) of computer and information science, and to discuss the practical challenges encountered along the way and the solutions adopted to solve them The conference organizers selected the best 20 papers from those papers accepted for presentation at the conference. The papers were chosen based on review scores submitted by members of the program committee, and underwent further rigorous rounds of review.    . 
650 0 |a Engineering. 
650 0 |a Artificial intelligence. 
650 0 |a Computational intelligence. 
650 1 4 |a Engineering. 
650 2 4 |a Computational Intelligence. 
650 2 4 |a Artificial Intelligence (incl. Robotics). 
700 1 |a Lee, Roger.  |e editor. 
710 2 |a SpringerLink (Online service) 
773 0 |t Springer eBooks 
776 0 8 |i Printed edition:  |z 9783319008035 
830 0 |a Studies in Computational Intelligence,  |x 1860-949X ;  |v 493 
856 4 0 |u http://dx.doi.org/10.1007/978-3-319-00804-2  |z Full Text via HEAL-Link 
912 |a ZDB-2-ENG 
950 |a Engineering (Springer-11647)